000 01247nam a2200253Ia 4500
999 _c56511
_d56511
001 23625
003 GE_BSU
005 20260310164627.0
008 181216s1969||||ge |||||||||||||| ||geo||
040 _cGE_BSU
041 _ageo
080 _a94(479.22)"1795 ც-66
100 _aცინცაძე, იასე
_927079
245 _aაღა-მაჰმად-ხანის თავდასხმა საქართველოზე (1795 წელი) /
_cიასე ცინცაძე ; რედ. : მ. ქანთარია ; მხატვ. : ღ. ზარაფიშვილი.
264 _aთბილისი :
_bსაბჭ. საქართველო,
_c1969.
300 _a277გვ. :
_b1 ფ. პორტრ. 4 ფ. ;
_c21 სმ.
541 _h2ლ. 44თ.
653 _aაღა-მაჰმად-ხანის თავდასხმა საქართველოზე (1795 წელი)
653 _aისტორია
653 _aკრწანისის ბრძოლა
700 _aქანთარია, მ.
_eრედაქტორი
_94348
700 _aზარაფიშვილი, ღ.
_eმხატვარი
_927107
942 _cBK
_2udc